000 00423nam a2200181Ia 4500
001 19398
005 20260306172650.0
008 260306t2005||||xx |||||||||||||| ||spa||
041 _aESP
082 _a659.1
_bP85
100 _aPrestigiƔcomo, Alicia
_eAUT
245 0 _aCreatividad a tu alcance
260 _c2005
300 _a88 pƔginas :
_c23 cm.
650 _aGEN
654 _aCAN
942 _cLIB
_dJUS
_fJUS
_2ddc
_n
999 _c19398
_d19398